Hypermarkety na Slovensku

Vývoj jedného typu maloobchodu - hypermarketu. Hypermarket predstavuje typ maloobchodnej predajne, ktorý postupne expandoval z krajín západnej Európy i do krajín SVE. Definícia pojmu. Analýza vývoja hypermarketov i možné perspektívy ich rozvoja na Slovensku.

Gespeichert in:
Bibliographische Detailangaben
1. Verfasser: Golec Karasová, Katarína
Format: Buchkapitel
Sprache:Slowakisch
Schlagworte:
Tags: Tag hinzufügen
Keine Tags, Fügen Sie das erste Tag hinzu!

MARC

LEADER 00000naa$a2200000$$$4500
001 0090663
005 20221128083840.9
041 0 |a slo 
044 |a SK 
245 1 0 |a Hypermarkety na Slovensku  |c Katarína Golec Karasová 
520 |a Vývoj jedného typu maloobchodu - hypermarketu. Hypermarket predstavuje typ maloobchodnej predajne, ktorý postupne expandoval z krajín západnej Európy i do krajín SVE. Definícia pojmu. Analýza vývoja hypermarketov i možné perspektívy ich rozvoja na Slovensku. 
610 2 0 |a hypermarkety 
610 2 0 |a pojmy 
610 2 0 |a definície 
610 2 0 |a Slovensko 
100 1 |a Golec Karasová, Katarína